[Event "AUTO-OPEN-168"]
[Site "http://www.queenalice.com/game.php?id=35985"]
[Date "2005.11.1"]
[Round "1"]
[White "Myane"]
[Black "KyoteeSun"]
[Result "1-0"]
[WhiteElo "1348"]
[BlackElo "1349"]

1. e4 e5 2. Nf3 Nh6 3. Bc4 Qf6 4. O-O Bc5 5. c3 g5 6. d3 a6 7. Bxg5 Qg6 8. Bxh6
Qxh6 9. Nxe5 Rg8 10. Bxf7+ Kf8 11. Bxg8 Kxg8 12. Qg4+ Kh8 13. Nf7# 1-0

[Event "AUTO-OPEN-168"]
[Site "http://www.queenalice.com/game.php?id=35986"]
[Date "2005.11.1"]
[Round "1"]
[White "KyoteeSun"]
[Black "Myane"]
[Result "0-1"]
[WhiteElo "1322"]
[BlackElo "1441"]

1. e4 e5 2. Qf3 Nf6 3. Bc4 Be7 4. d3 O-O 5. g4 d6 6. g5 Nfd7 7. h4 b6 8. h5 Bxg5
9. Nh3 Bxc1 10. Nc3 Bxb2 11. Rb1 Bxc3+ 12. Kd1 Nf6 13. Rb3 Bg4 14. Qxg4 Nxg4 15.
Rg1 Nf6 16. Rxc3 Nxh5 17. Rg5 g6 18. f3 Nf4 19. Nxf4 Qxg5 20. Ne2 a5 21. Bd5 Ra7
22. f4 Qg2 23. a4 h5 24. f5 gxf5 25. Kd2 h4 26. Rb3 h3 27. Rb1 h2 28. c4 h1=Q
29. Rxh1 Qxh1 30. exf5 Qh6+ 31. Ke1 Kg7 32. Kf1 Qh3+ 33. Bg2 Qxf5+ 34. Ke1 Qxd3
35. Bf1 Qxc4 36. Ng1 Qxa4 37. Nf3 Rh8 38. Nd2 Qa1+ 39. Ke2 Rh2+ 40. Kd3 Qd4+ 41.
Kc2 Rxd2+ 42. Kb3 Qb2+ 43. Kc4 Qb4# 0-1

[Event "AUTO-ADV-103"]
[Site "http://www.queenalice.com/game.php?id=37881"]
[Date "2005.11.14"]
[Round "1"]
[White "Philidor"]
[Black "Myane"]
[Result "1-0"]
[WhiteElo "1712"]
[BlackElo "1465"]

1. Nc3 e5 2. Nf3 d6 3. d4 Nc6 4. dxe5 Nxe5 5. Nxe5 dxe5 6. Qxd8+ Kxd8 7. Bd2 f6
8. O-O-O Bd6 9. Nb5 Bd7 10. Nxd6 cxd6 11. Bb4 Nh6 12. Bxd6 Nf5 13. Bb4 b6 14. e4
a5 15. exf5 axb4 16. Bb5 Ra7 17. Bxd7 Rxd7 18. Rxd7+ Kxd7 19. Re1 h5 20. Re4 Ra8
21. Rxb4 Rxa2 22. Rxb6 Ra1+ 23. Kd2 Rg1 24. Rb7+ Ke8 25. Rxg7 Kf8 26. Rg3 Rf1
27. Ke2 Rc1 28. Kd3 Rg1 29. b4 h4 30. Rg4 Kf7 31. b5 Rd1+ 32. Kc3 Rd5 33. b6
Rc5+ 34. Rc4 Rb5 35. Rc7+ Ke8 36. b7 1-0

[Event "AUTO-ADV-103"]
[Site "http://www.queenalice.com/game.php?id=37882"]
[Date "2005.11.14"]
[Round "1"]
[White "Myane"]
[Black "Philidor"]
[Result "0-1"]
[WhiteElo "1454"]
[BlackElo "1735"]

1. e4 b6 2. Qf3 Bb7 3. Bc4 Nf6 4. d3 Nc6 5. Nh3 Ne5 6. Qf4 Nxc4 7. dxc4 Bxe4 8.
O-O e6 9. c3 Bd6 10. Qg5 h6 11. Qe3 Bxh2+ 12. Kh1 Bd6 13. Nd2 Bf5 14. b4 a5 15.
f3 axb4 16. cxb4 Bxb4 17. Nf4 Bxd2 18. Bxd2 g5 19. Nd5 Nxd5 20. cxd5 O-O 21. Qd4
c5 22. Qc4 Ra3 23. g4 Bd3 24. Qc1 Qa8 25. Rf2 Rxa2 26. Rxa2 Qxa2 27. Kg1 Ra8 28.
Bxg5 Qa1 29. Bxh6 Qxc1+ 30. Bxc1 Ra1 31. Kh2 Rxc1 32. dxe6 dxe6 33. Kg3 c4 34.
Rb2 c3 35. Rxb6 c2 0-1

[Event "AUTO-ADV-103"]
[Site "http://www.queenalice.com/game.php?id=37893"]
[Date "2005.11.14"]
[Round "1"]
[White "smazinga"]
[Black "Myane"]
[Result "1-0"]
[WhiteElo "1639"]
[BlackElo "1449"]

1. e4 e5 2. Nf3 Nc6 3. Bb5 Be7 4. O-O a6 5. Ba4 Nf6 6. Re1 O-O 7. c3 b5 8. Bb3
Bc5 9. d4 Bd6 10. Bg5 h6 11. Bh4 Bb7 12. Bd5 Qe8 13. Bxf6 gxf6 14. Bxc6 Bxc6 15.
d5 Bb7 16. Qc1 Kh7 17. Nh4 Rg8 18. g3 Rg5 19. Nd2 c6 20. Ndf3 Rh5 21. Nf5 Rxf5
22. exf5 cxd5 23. h3 e4 24. Nh2 Qe5 25. Ng4 Qxf5 26. Qxh6+ Kg8 27. Nxf6+ Qxf6
28. Qxf6 Bc5 29. b4 Bf8 30. Rad1 Re8 31. Qf5 Bc6 32. f3 Bg7 33. Re3 Re5 34. Qg4
f6 35. f4 Re7 36. h4 Rf7 37. h5 f5 38. Qe2 Kh7 39. Kf2 Bf6 40. Rh1 Kh6 41. g4
fxg4 42. Qxg4 Rg7 43. Qf5 d4 44. Qxf6+ 1-0

[Event "AUTO-ADV-103"]
[Site "http://www.queenalice.com/game.php?id=37894"]
[Date "2005.11.14"]
[Round "1"]
[White "Myane"]
[Black "smazinga"]
[Result "1-0"]
[WhiteElo "1449"]
[BlackElo "1647"]

1. e4 c5 2. Nf3 d6 3. Na3 a6 4. c3 b5 5. d4 Qc7 6. Bd3 Nf6 7. Bg5 h6 8. Bxf6
exf6 9. O-O Be7 10. Be2 O-O 11. Nc2 Nc6 12. b3 f5 13. d5 Nd8 14. Qd3 c4 15. bxc4
bxc4 16. Qd4 Bf6 17. Qe3 Re8 18. Nd2 fxe4 19. Bxc4 Bg5 20. f4 Bf6 21. Rfc1 Nb7
22. Na3 Nc5 23. Bb3 Nxb3 24. axb3 Bb7 25. Nxe4 Kh8 26. Qd3 Qb6+ 27. Kf1 Qxb3 28.
Nxd6 Rf8 29. Nxb7 Qxb7 30. Rab1 Qd7 31. c4 Be7 32. Nc2 Bc5 33. Re1 Qg4 34. Qd2
Qh4 35. g3 Qh3+ 36. Qg2 Qf5 37. Rb3 Rab8 38. Ne3 Bxe3 39. Rexe3 Qf6 40. Rxb8
Rxb8 41. Qc2 a5 42. Kf2 g6 43. Rb3 Qd4+ 44. Kg2 Rc8 45. Rc3 Rc5 46. Qd3 Qxd3 47.
Rxd3 Rxc4 48. d6 Rc8 49. Kf3 Kg8 50. Ke4 Kf8 51. Ke5 Rc5+ 52. Kd4 Rc8 53. Kd5 f5
54. Ke6 Rc6 55. Kf6 a4 56. Kxg6 Ra6 57. Kxf5 Ke8 58. Ke6 a3 59. Rc3 Ra8 60. Rc1
a2 61. Ra1 Kd8 62. f5 Ra3 63. f6 Re3+ 64. Kf7 Re2 65. h4 Kd7 66. Kg7 Kxd6 67. f7
Re7 68. Rxa2 Ke6 69. Ra6+ Kf5 70. Rxh6 Ra7 71. Rf6+ Kg4 72. Kg6 1-0

[Event "AUTO-ADV-103"]
[Site "http://www.queenalice.com/game.php?id=37901"]
[Date "2005.11.14"]
[Round "1"]
[White "Myane"]
[Black "ilardi"]
[Result "1/2-1/2"]
[WhiteElo "1461"]
[BlackElo "1286"]

1. e4 d6 2. Bc4 Nf6 3. Nf3 Nxe4 4. d3 Nf6 5. O-O g6 6. Ng5 e6 7. Re1 d5 8. Bb5+
Bd7 9. Bxd7+ Nbxd7 10. a3 Bg7 11. c3 O-O 12. Qe2 Ne5 13. Qxe5 Qd7 14. Qe2 h5 15.
a4 Qd6 16. Na3 Ng4 17. g3 Rae8 18. Nb5 Qe7 19. Nxa7 f5 20. b3 Bxc3 21. Ba3 Qxg5
22. Bxf8 Bxa1 23. Rxa1 Kxf8 24. Nb5 c6 25. Nd6 Re7 26. Nc8 Rh7 27. Qxe6 Qd2 28.
Qd6+ Kg8 29. Qxg6+ Rg7 30. Qe8+ Kh7 31. Qxh5+ Kg8 32. Qe8+ Kh7 33. Qh5+ Nh6 34.
Qd1 Qb4 35. a5 Qf8 36. Nb6 Ng4 37. Qe2 Qb4 38. h3 Nh6 39. Qc2 Qd4 40. Ra4 Qe5
41. Kh2 f4 42. Rxf4 d4 43. Nc4 Qh5 44. Rh4 Qe8 45. Rxd4 Qe1 46. Rd8 Rf7 47. d4+
Kg7 48. f4 Rf5 49. Rd7+ Kg6 50. Rd6+ Kh5 51. Rxh6+ Kxh6 52. Qxf5 Qf2+ 53. Kh1
Qf1+ 54. Kh2 1/2-1/2

[Event "AUTO-ADV-103"]
[Site "http://www.queenalice.com/game.php?id=37902"]
[Date "2005.11.14"]
[Round "1"]
[White "ilardi"]
[Black "Myane"]
[Result "0-1"]
[WhiteElo "1277"]
[BlackElo "1455"]

1. e4 e5 2. Nf3 Nc6 3. Bc4 d6 4. a3 Bg4 5. c3 g6 6. d4 Bg7 7. O-O exd4 8. h3
Bxf3 9. Qxf3 Ne5 10. Qe2 Nxc4 11. Qxc4 dxc3 12. Nxc3 c6 13. Ne2 Be5 14. f4 Bg7
15. Rb1 Nf6 16. f5 b5 17. Qxc6+ Kf8 18. fxg6 hxg6 19. Bg5 Rh5 20. Bf4 Ne8 21.
Rfd1 Rc8 22. Bxd6+ Nxd6 23. Qxd6+ Qxd6 24. Rxd6 Rc2 25. Nd4 Rc4 26. Rd8+ Ke7 27.
Nc6+ Rxc6 28. Rbd1 Bxb2 29. Kf2 Bxa3 30. R1d7+ Kf6 31. Kf3 a5 32. Re8 Re5 33.
Rh8 b4 34. Rh7 Re7 35. e5+ Ke6 36. Rxe7+ Kxe7 37. g4 b3 38. Rh8 b2 39. Rb8 Bb4
40. Kf4 b1=Q 41. Rb7+ Ke6 42. Kg5 Bd2+ 43. Kh4 Qxb7 0-1

[Event "AUTO-OPEN-196"]
[Site "http://www.queenalice.com/game.php?id=44850"]
[Date "2005.12.23"]
[Round "1"]
[White "Malcomx"]
[Black "Myane"]
[Result "0-1"]
[WhiteElo "1650"]
[BlackElo "1508"]

1. d4 d5 2. c4 c6 3. Nc3 b6 4. cxd5 cxd5 5. Nf3 e6 6. e4 Bb4 7. Qa4+ Nc6 8. Bb5
Bxc3+ 9. bxc3 Ne7 10. Bxc6+ Nxc6 11. Qxc6+ Bd7 12. Qd6 f6 13. exd5 exd5 14. O-O
h6 15. Re1+ Kf7 16. Ba3 Re8 17. Rxe8 Qxe8 18. Re1 Be6 19. c4 Rd8 20. Qg3 dxc4
21. Nh4 g5 22. Nf5 Qd7 23. Nd6+ Kg7 24. h4 Kg6 25. Qe3 Bf7 26. hxg5 hxg5 27.
Nxf7 Qxf7 28. Qe4+ f5 29. Qc6+ Kh5 30. f3 Rxd4 31. Re6 g4 32. fxg4+ Rxg4 33. Be7
Rg6 34. Qf3+ Kh6 35. Qf4+ Kg7 36. Qe5+ Kh7 37. Rxg6 Kxg6 38. Qc7 c3 39. Qg3+ Kh7
40. Bg5 Qg7 41. Qh4+ Kg6 42. Bc1 Kf7 43. Qc4+ Kg6 44. Qd3 Qf6 45. Qg3+ Kf7 46.
Qc7+ Kg6 47. Qxa7 Qd4+ 48. Kh2 Qh4+ 49. Kg1 Qe1+ 50. Kh2 Qxc1 51. Qxb6+ Kg5 52.
Qd8+ Kg4 53. Qd4+ Qf4+ 0-1

[Event "AUTO-OPEN-196"]
[Site "http://www.queenalice.com/game.php?id=44851"]
[Date "2005.12.23"]
[Round "1"]
[White "Myane"]
[Black "Malcomx"]
[Result "0-1"]
[WhiteElo "1506"]
[BlackElo "1754"]

1. e4 e5 2. Nf3 Nf6 3. Nxe5 d6 4. Nd3 Nxe4 5. Be2 Bf5 6. Bf3 Nc6 7. Bxe4 Bxe4 8.
Qe2 Qe7 9. O-O O-O-O 10. Nc3 Bg6 11. Qxe7 Bxe7 12. Nf4 Bxc2 13. Re1 Bg5 14. Nfd5
Rhe8 15. Rxe8 Rxe8 16. Ne3 Bd3 17. b3 f5 18. g3 f4 19. gxf4 Bxf4 20. a4 Nd4 21.
Ra3 Re6 22. b4 Rg6+ 23. Ng2 Nf3+ 24. Kh1 Bf1 0-1

[Event "AUTO-OPEN-196"]
[Site "http://www.queenalice.com/game.php?id=44874"]
[Date "2005.12.23"]
[Round "1"]
[White "Myane"]
[Black "salazar"]
[Result "0-1"]
[WhiteElo "1510"]
[BlackElo "1947"]

1. e4 e5 2. Nf3 Nc6 3. Bb5 a6 4. Bxc6 dxc6 5. d4 exd4 6. Nxd4 c5 7. Nb3 Qxd1+ 8.
Kxd1 Be6 9. Be3 b6 10. a4 Bd6 11. a5 Nf6 12. f3 O-O 13. h3 Rfd8 14. Kc1 Nh5 15.
Bf2 Bf4+ 16. N3d2 Ng3 17. Bxg3 Bxg3 18. Nc3 Bf4 19. Rd1 Bc4 20. b3 Be6 21. Nb1
b5 22. Kb2 Be5+ 23. c3 b4 24. Kc2 f5 25. Ra4 fxe4 26. Nxe4 Rxd1 27. Kxd1 Bxb3+
28. Kd2 Bxa4 29. Nxc5 bxc3+ 30. Nxc3 Bxc3+ 31. Kxc3 Bb5 32. Ne6 c6 33. Kd4 Bf1
34. Kc5 Re8 35. Nc7 Re5+ 36. Kb6 Kf7 37. Nxa6 Bxa6 38. Kxa6 Rb5 0-1

[Event "AUTO-OPEN-196"]
[Site "http://www.queenalice.com/game.php?id=44875"]
[Date "2005.12.23"]
[Round "1"]
[White "salazar"]
[Black "Myane"]
[Result "1-0"]
[WhiteElo "1937"]
[BlackElo "1506"]

1. e4 c5 2. Nf3 Nc6 3. d4 d6 4. d5 Na5 5. a3 Nf6 6. b4 Nxe4 7. bxa5 Qxa5+ 8. Bd2
Qa4 9. Nc3 Nxc3 10. Bxc3 Bg4 11. Qb1 Qe4+ 12. Be2 Qxd5 13. O-O b6 14. h3 Bh5 15.
Qb5+ Kd8 16. Rad1 Qe6 17. Ne5 Bxe2 18. Qxe2 Rc8 19. Qh5 g6 20. Qf3 f6 21. Nc6+
Rxc6 22. Qxc6 Qc8 23. Qe4 Rg8 24. Rfe1 Qc7 25. Bxf6 Ke8 26. Qe6 Rg7 27. Bxg7
Bxg7 28. Qg8+ Bf8 29. Qxh7 Kd8 30. Qxg6 a5 31. Qf7 Bh6 32. Qg8+ Kd7 33. Qe6+ Kc6
34. Qxh6 1-0

[Event "AUTO-OPEN-196"]
[Site "http://www.queenalice.com/game.php?id=44876"]
[Date "2005.12.23"]
[Round "1"]
[White "Myane"]
[Black "PaulB42"]
[Result "1-0"]
[WhiteElo "1473"]
[BlackElo "1481"]

1. e4 Nf6 2. e5 Nd5 3. d4 e6 4. Nf3 Nc6 5. Bb5 a6 6. Bxc6 bxc6 7. O-O h5 8. Qd3
f6 9. c4 Ne7 10. Nh4 d6 11. Ng6 Rg8 12. Nxe7 Bxe7 13. Qg6+ Kf8 14. Qxh5 dxe5 15.
dxe5 Qd4 16. exf6 Qxf6 17. Nd2 Bb7 18. Rb1 e5 19. Ne4 Qe6 20. b3 c5 21. f3 a5
22. Be3 Ba6 23. Nxc5 Qd6 24. Rbd1 Qb6 25. Nd7# 1-0

[Event "AUTO-OPEN-196"]
[Site "http://www.queenalice.com/game.php?id=44877"]
[Date "2005.12.23"]
[Round "1"]
[White "PaulB42"]
[Black "Myane"]
[Result "0-1"]
[WhiteElo "1515"]
[BlackElo "1489"]

1. Nc3 e5 2. Nf3 Nc6 3. e4 Bc5 4. Qe2 b6 5. d3 h6 6. b3 a5 7. g3 d6 8. Bb2 Be6
9. O-O-O Qf6 10. h3 Nd4 11. Nxd4 Bxd4 12. Na4 b5 13. c3 Bxf2 14. d4 bxa4 15.
Qb5+ Bd7 16. Qb7 Qd8 17. bxa4 Bxa4 18. Bb5+ Bxb5 19. Qxb5+ Ke7 20. Qb3 Bxg3 21.
Rhf1 f6 22. Rg1 Bf4+ 23. Rd2 Bxd2+ 24. Kxd2 g5 25. h4 Rb8 26. Qc2 Kf7 27. hxg5
hxg5 28. Rf1 Rh2+ 29. Kc1 Rxc2+ 30. Kxc2 Qd7 31. dxe5 Rxb2+ 32. Kxb2 Qb5+ 33.
Kc2 Qxf1 0-1

[Event "AUTO-OPEN-168"]
[Site "http://www.queenalice.com/game.php?id=56254"]
[Date "2006.3.7"]
[Round "2"]
[White "Myane"]
[Black "Homer"]
[Result "1-0"]
[WhiteElo "1530"]
[BlackElo "1889"]

1. e4 e5 2. Nf3 Bc5 3. Nxe5 d6 4. Nc4 Nc6 5. c3 Nf6 6. d3 h6 7. b4 Bb6 8. Nxb6
axb6 9. b5 Ne5 10. Be2 Be6 11. a4 O-O 12. f4 Nc6 13. bxc6 bxc6 14. f5 Bd7 15.
O-O c5 16. c4 Re8 17. Bb2 c6 18. Bf3 b5 19. cxb5 cxb5 20. e5 dxe5 21. Bxa8 Qxa8
22. axb5 Qb7 23. Qe2 Qxb5 24. Bxe5 c4 25. d4 Qb4 26. Qf3 Nh7 27. Qg3 f6 28. Bd6
Qb5 29. Bc5 Ng5 30. Nc3 Qb2 31. Rae1 Rxe1 32. Qxe1 Qc2 33. Rf2 Qd3 34. Nd5 c3
35. Nxc3 Bxf5 36. Ne2 Be4 37. Nf4 Qb5 38. h4 1-0

[Event "AUTO-OPEN-168"]
[Site "http://www.queenalice.com/game.php?id=56255"]
[Date "2006.3.7"]
[Round "2"]
[White "Homer"]
[Black "Myane"]
[Result "1-0"]
[WhiteElo "1898"]
[BlackElo "1571"]

1. d4 d5 2. Bg5 h6 3. Bh4 Qd6 4. Qd2 e6 5. Nf3 f5 6. Bg3 Qb6 7. c3 Be7 8. e3 g5
9. h4 g4 10. Ne5 h5 11. Ng6 Rh7 12. Nxe7 Nxe7 13. Bd3 Bd7 14. O-O Ng6 15. Na3
Bc6 16. c4 a6 17. c5 Qa7 18. Rac1 Kd8 19. Qc2 Rf7 20. Rfe1 Nd7 21. Bf4 Rc8 22.
b4 Ke8 23. Bg3 Nb8 24. Rb1 b5 25. cxb6 Qxb6 26. Rec1 Bb5 27. Nxb5 axb5 28. Qe2
Kd8 29. Bxb5 f4 30. exf4 Nxf4 31. Bxf4 Rxf4 32. Qd2 Qxd4 33. Qxd4 Rxd4 34. Re1
Ke7 35. Re5 Rh8 36. a4 c6 37. Bf1 Nd7 38. Re2 Rb8 39. Reb2 c5 40. bxc5 Rxb2 41.
Rxb2 Nxc5 42. a5 Ra4 43. Rb5 Kd6 44. a6 Rxa6 45. Rxc5 Ra1 46. Rc8 d4 47. Rd8+
Ke5 48. g3 Ke4 49. Kg2 Ra5 50. Bc4 Re5 51. Rd6 Rc5 52. Rxe6+ Kf5 53. Bb3 d3 54.
Rd6 Ke4 55. Re6+ Kd4 56. Kf1 Rc1+ 57. Kg2 d2 58. Re3 Re1 59. Ba4 Rxe3 60. fxe3+
Kxe3 61. Bd1 Ke4 62. Kf2 Kd3 63. Be2+ Ke4 64. Bd1 Kd3 65. Ba4 1-0

[Event "Challenge"]
[Site "http://www.queenalice.com/game.php?id=71237"]
[Date "2006.5.24"]
[Round "-"]
[White "Danilo"]
[Black "Myane"]
[Result "0-1"]
[WhiteElo "1437"]
[BlackElo "1560"]

1. c4 e5 2. d4 Nc6 3. d5 Na5 4. b3 c6 5. Nf3 d6 6. e4 Bd7 7. Nc3 Be7 8. Be2 Nf6
9. O-O O-O 10. Bg5 h6 11. Bxf6 Bxf6 12. Bd3 a6 13. Qd2 Bg4 14. Be2 Bxf3 15. Bxf3
Bg5 16. Qe1 Rc8 17. Bg4 Rc7 18. f3 b5 19. cxb5 cxb5 20. b4 Nc4 21. a3 Be3+ 22.
Kh1 Bd2 23. Qg3 Bxc3 24. Rac1 Bb2 25. Rce1 Bxa3 26. Ra1 Qa8 27. Rfc1 Bxc1 28.
Rxc1 Qa7 29. Bf5 Ne3 30. Rxc7 Qxc7 31. h3 Qc1+ 32. Kh2 Nf1+ 33. Kg1 Nxg3+ 34.
Kh2 Nxf5 35. g4 Qf4+ 36. Kg2 Qg3+ 37. Kf1 Qxf3+ 38. Kg1 Qg3+ 39. Kh1 Qxh3+ 40.
Kg1 Qxg4+ 41. Kf2 Qxe4 42. Kg1 Qe1+ 0-1

[Event "AUTO-OPEN-168"]
[Site "http://www.queenalice.com/game.php?id=88170"]
[Date "2006.7.21"]
[Round "3"]
[White "daniel_strutz"]
[Black "Myane"]
[Result "1-0"]
[WhiteElo "1921"]
[BlackElo "1565"]

1. e4 e5 2. Nf3 Nc6 3. d4 f6 4. Bc4 Nge7 5. dxe5 Nxe5 6. Nxe5 fxe5 7. Bg5 c6 8.
Qf3 d5 9. exd5 cxd5 10. Bxe7 Qxe7 11. Qxd5 g6 12. O-O Rb8 13. Re1 Bg7 14. f4 b6
15. fxe5 Bb7 16. Bb5+ Kf8 17. Rf1+ Bf6 18. Qd4 Rd8 19. exf6 Rxd4 20. fxe7+ Kxe7
21. Nc3 Rd2 22. Rae1+ 1-0

[Event "AUTO-OPEN-168"]
[Site "http://www.queenalice.com/game.php?id=88171"]
[Date "2006.7.21"]
[Round "3"]
[White "Myane"]
[Black "daniel_strutz"]
[Result "0-1"]
[WhiteElo "1568"]
[BlackElo "1902"]

1. d4 Nf6 2. Bg5 Ne4 3. Be3 d5 4. Qd3 c6 5. Nc3 Nd6 6. O-O-O g6 7. f3 Bf5 8. Qd2
Nc4 9. Qe1 Nxe3 10. Rd2 Bg7 11. g4 Bd7 12. Bh3 Bh6 13. b3 Qa5 14. Kb2 Qb4 15. a3
Nc4+ 0-1

[Event "AUTO-OPEN-168"]
[Site "http://www.queenalice.com/game.php?id=88174"]
[Date "2006.7.21"]
[Round "3"]
[White "Myane"]
[Black "Homer"]
[Result "0-1"]
[WhiteElo "1563"]
[BlackElo "1811"]

1. d4 d5 2. c3 c6 3. g3 Bg4 4. f3 Bh5 5. Nh3 Nf6 6. Bg5 h6 7. Bxf6 exf6 8. Nf4
Bg6 9. Nxg6 fxg6 10. Bh3 Bd6 11. Qd3 Kf7 12. O-O Qc7 13. Kf2 Re8 14. Re1 Na6 15.
Nd2 h5 16. Rg1 Re7 17. Nf1 Rae8 18. Re1 Qb6 19. Qc2 c5 20. a3 cxd4 21. cxd4
Qxd4+ 22. e3 Qb6 23. b4 d4 24. Qc4+ Kf8 25. e4 Rc7 0-1

[Event "AUTO-OPEN-168"]
[Site "http://www.queenalice.com/game.php?id=88175"]
[Date "2006.7.21"]
[Round "3"]
[White "Homer"]
[Black "Myane"]
[Result "1-0"]
[WhiteElo "1817"]
[BlackElo "1557"]

1. d4 d5 2. c4 c6 3. cxd5 Qxd5 4. Nc3 Qd6 5. Nf3 Nf6 6. e3 Bg4 7. Be2 Bf5 8. Nh4
Be4 9. Nxe4 Nxe4 10. Qb3 b5 11. O-O e6 12. Qc2 Nf6 13. Bd2 h5 14. a3 Be7 15. Bb4
Qc7 16. Bxe7 Kxe7 17. Bxb5 Ng4 18. Nf3 h4 19. h3 Rc8 20. Rac1 a6 21. Ba4 Nf6 22.
Nxh4 g5 23. Qc5+ Kd7 24. Qxg5 Ne4 25. Qg7 Ke7 26. Ng6+ Kd7 27. Qxf7+ 1-0